00513nam a2200145Ia 4500008004100000040001800041041000800059100002100067245011100088260006500199300001800264650003200282650002300314650003000337130821s1973 mx gr spa  aCo-BoUCMbspa aspa aDumezil, Georges aDel mito a la novela la saga de Hadingus (Saxo gramático, I, v-viii) y otros ensayoscGeorges Dumézil aMéxico D.F. (México)bFondo de Cultura Económicac1973 a239 páginas04aGramática saxoy1140-120604aLiteratura alemana04aMetodología germánica